000 00460nam a2200205Ia 4500
005 20251020182540.0
008 200515s9999 xx 000 0 und d
082 _a728.71/T78
100 _aTRAPERO PROS, L.LOPEZ ARIAS, F.
245 0 _aNuevos proyectos de chalets
250 _a8a ed.
260 _aBarcelona
260 _c1980
300 _a146
500 _a1 ejemplar
650 _aLIB
650 _aPLANOS
650 _aVIVIENDAS
942 _cLIB
999 _c2367
_d2367